Statistiques concernant Trial Pursuit aléatoire - Racisme et antisémitisme

Cliquez ici pour prendre le quiz!

Statistiques générales

  • Ce quiz a été pris 504 fois
  • Le résultat moyen est 3 sur 6

Réponses sur la Carte

Les réponses sont colorées sur une échelle allant du rouge au vert en fonction du pourcentage des utilisateurs qui les ont devinées à leur premier essai. Vous pouvez retrouver ces pourcentages ci-dessous.
 

Statistiques - réponses

GroupeCouleurCatégorieQuestionRéponse% Correct
QuestionsRoseFaits antisémitesSur quel réseau social a émergé #LeBonJuif, regroupant de nombreux messages à caractère antisémite?Twitter
100%
QuestionsBleuJusticeUne sanction pour agression antisémite ou raciste est plus importante dans la sphère ________ que privée.Publique
95%
QuestionsVioletStatistiquesQuel serait le réseau social où se produirait le plus de haine en ligne?Facebook (40% des cas)
94%
QuestionsVioletStatistiquesEn 2021, quel pays asiatique lança une attaque contre le Hamas qui engendra une recrudescence des actes antisémites en France?Israël
94%
QuestionsOrangeCultureDans quel film d'animation Disney la chanson Nuit d'Arabie, jugée raciste, a-t-elle était censurée?Aladdin
91%
QuestionsJauneFaits racistesQuel professeur d'Histoire-géographie fut assassiné à Conflans-Sainte-Honorine en octobre 2020 pour avoir montré à ses élèves des images perçues par certains comme islamophobes?Samuel Paty
91%
QuestionsJauneFaits racistesQuel Afro-américain impliqué dans la lutte contre le racisme fut assassiné lors d'émeutes en 1968?Martin Luther King
90%
QuestionsJauneFaits racistesQu'a été déposé dans les casiers des salariés de confession musulmane de Keolis dans le Loiret en 2022?Viande de porc
90%
QuestionsVertKikadiQuel polémiste français a dit que "les employeurs ont le droit de refuser des Arabes ou des Noirs"?Eric Zemmour
86%
QuestionsOrangeCultureQuel film Marvel sorti en 2018 met-il en scène le premier héros principal de couleur de la franchise?Black Panther
84%
QuestionsJauneFaits racistesA combien d'années de prison ferme un septuagénaire a-t-il été condamné après avoir renversé et insulté une personne de couleur dans le Jura?3 ans (contre 4 mois suggérés par le procureur)
83%
QuestionsJauneFaits racistesQuel Afro-américain fut tué en 2020 lors de son arrestation policière à Minneapolis?George Floyd
83%
QuestionsBleuJusticeQuel régime politique français collabora et encouragea la création de lois antisémites?Régime de Vichy
83%
QuestionsVertKikadiQuel Président français affirmait "Il n'y a rien de plus semblable à un antisémite qu'un islamophobe. Tout deux ont le même visage: celui de la bêtise et celui de la haine."?Nicolas Sarkozy
82%
QuestionsOrangeCultureQuelle saga cinématographique française met en scène la famille Verneuil, polyculturelle et sujette à de nombreuses blagues racistes et antisémites?Qu'est-ce qu'on a fait au bon Dieu?
80%
QuestionsJauneFaits racistesDès décembre 2019, quel évènement mondial entraîna une recrudescence généralisée des actes racistes à l'encontre des personnes asiatiques?Pandémie de Covid-19
79%
QuestionsOrangeCultureQuel espion fictif incarné par Jean Dujardin est critiqué pour son humour raciste et antisémite?OSS 117
78%
QuestionsRoseFaits antisémitesDe quelle femme politique française juive la stèle a-t-elle était profanée à de multiples reprises en 2021 notamment?Simone Veil
78%
QuestionsOrangeCultureQue reporter fictif fut critiqué pour son aventure au Congo, induisant de nombreux propos racistes?Tintin
78%
QuestionsVertKikadiQuel Président reconnut les responsabilités de l'Etat Français dans le génocide Juif en affirmant "La France, patrie des Lumières et des Droits de l'Homme, terre d'accueil et d'asile, la France, ce jour-là, accomplissait l'irréparable"?Jacques Chirac
75%
QuestionsBleuJusticeQuelle ville allemande est associée à la loi dite de "la protection du sang et de l'honneur allemands"?Nuremberg
75%
QuestionsRoseFaits antisémitesDans quel lieu de culte eut lieu la pire attaque antisémite étatsunienne, en 2018?Synagogue
73%
QuestionsBleuJusticeQuel type de discours outrancier vis à vis d'une religion est toléré en France mais condamné par la loi aux Etats-Unis (et dans 83 autres pays)?Blasphème
67%
QuestionsVioletStatistiquesEn France, quelle serait la religion subissant le plus d'atteintes anti-religieuses (nombres absolues, non rapportés à la population)?Christianisme (environ 56% des cas recensés en 2019)
67%
QuestionsRoseFaits antisémitesQuel symbole antisémite a notamment été reproduit dans une université lyonnaise en 2022?Croix gammée
67%
QuestionsOrangeCultureQuel écrit d'une jeune hollandaise dénonce indirectement les crimes de la barbarie nazie durant la Seconde Guerre mondiale?Le Journal d'Anne Frank
67%
QuestionsVertKikadiQuel célèbre Youtubeur sportif affirmait "Un noir réélu, le mariage des homosexuels adopté. Ce sera pas une journée facile." quant à l'élection de Barack Obama?Tibo InShape
67%
QuestionsOrangeCultureQuelle chanson reprise et interprétée par les Kids United en 2015 est-elle engagée contre le racisme?On écrit sur les murs
63%
QuestionsJauneFaits racistesQuel hebdomadaire généralement classé à l'extrême droite de l'échiquier politique caricatura la députée LFI Danièle Obono en singe?Valeurs Actuelles
61%
QuestionsVioletStatistiquesCombien d'actes antisémites ont été recensés en France en 2021 (arrondi à la centaine près)?589
60%
QuestionsRoseFaits antisémitesDans quelle ville a eu lieu une tuerie devant l'école Ozar Hatorah par Mohamed Merah le 21 mars 2012?Toulouse
60%
QuestionsOrangeCultureDans quel film d'animation Disney le roi Louie singe-t-il les Américains de couleur en employant leur argot?Le Livre de la jungle
59%
QuestionsVertKikadiQuel libérateur indien affirmait "Même les kaffirs (nègres), qui sont moins avancés que nous, ont résisté au gouvernement?Mahatma Gandhi
56%
QuestionsRoseFaits antisémitesPour la profanation de plus de 250 cimetières juifs en Alsace en 2015, de combien de mois de prison a écopé le principal accusé?18 mois (et 140 heures de TIG)
55%
QuestionsVertKikadiQuel politique français affirma en 1989 "la DDHC marque le début de la décadence de la France"?Jean-Marie Le Pen
53%
QuestionsBleuJusticeDe quels crimes de guerre la loi Gayssot punit-elle la négation?Nazis
53%
QuestionsRoseFaits antisémitesLes 16 et 17 juillet 1942, comment appela-t-on la plus grande arrestation de Juifs en France?Rafle du Vél'd'Hiv
53%
QuestionsVioletStatistiquesQuel pourcentage (5%) de la communauté juive française estime avoir été victime de violences physiques antisémites?29%
50%
QuestionsRoseFaits antisémitesQuelle théorie, notamment soutenue par Eric Zemmour, prône des thèses racistes et antisémites?Grand remplacement
50%
QuestionsVioletStatistiquesQuelle proportion des agressions antisémites dans la sphère privée sont commises avec une arme?20%
47%
QuestionsVertKikadiQuel avocat et Garde des Sceaux de 1981 à 1986 affirma que "la République ne peut admettre le racisme"?Robert Badinter
47%
QuestionsOrangeCultureQuel écrivain et polémiste, notamment auteur de Voyage au bout de la nuit, est accusé par certains d'être antisémite?Louis-Ferdinand Céline
42%
QuestionsVertKikadiQuel éminent scientifique allemand écrivait que "ce serait franchement dommage que ces Chinois supplantent toutes les autres races pour les gens comme nous. Cette simple pensée est indiciblement triste."?Albert Einstein
41%
QuestionsVioletStatistiquesQuels seraient les milieux concentrant le plus grand nombre d'actes racistes?Internet (25%)/Biens et services (24%)/Travail (19%)/Vie en société (11%)/Enseignement (8%)
41%
QuestionsVertKikadiQuel célèbre avocat fut critiqué pour son affirmation "Si demain les Arabes se barrent, vous êtes dans la merde pour faire votre ménage!"?Éric Dupond-Moretti
40%
QuestionsVertKikadiQuel Président français affirmait que "l’antisémitisme est la forme la plus avancée, à chaque fois la plus radicale de la peur de l’autre "?Emmanuel Macron
39%
QuestionsJauneFaits racistesPourquoi des députés quittèrent-ils l'Assemblée Nationale en 2020 après l'entrée de l'étudiante Maryam Pougetoux?Femme voilée
37%
QuestionsVertKikadiQuel polémiste français disait "Elle est où la Silicon Valley en Seine-Saint-Denis? C'est plutôt la silicone voilée?"?Jean Messiha
37%
QuestionsJauneFaits racistesQuelle femme politique socialiste a été victime de nombreuses comparaisons à des primates, notamment par des membres du FN/RN?Christiane Taubira
35%
QuestionsVioletStatistiquesQuel pourcentage (5%) de la communauté juive française estime avoir été victime de moqueries ou propos antisémites?78%
33%
QuestionsOrangeCultureQuelle auteure britannique est à l'origine du roman Les Dix Petits Nègres, dont le titre fut sujet à polémique?Agatha Christie
33%
QuestionsVertKikadiQuel candidat à la présidentielle de 2022 proposait qu'"un responsable politique ne puisse pas se présenter à une élection quand il a été condamné pour racisme et antisémitisme"?Fabien Roussel
33%
QuestionsOrangeCultureQuelle entreprise du milieu vidéoludique fut contrainte de modifier son personnage Mr. Game&Watch, dont l'une des animations était considérée comme insultante à l'égard des Amérindiens?Nintendo
33%
QuestionsRoseFaits antisémitesPour quelle raison le meurtrier de Sarah Halimi, assassinée en 2017, n'a-t-il pas été condamné?Psychiatrie
33%
QuestionsBleuJusticeEn quelle année fut adoptée la loi Pléven, créant le statut juridique du délit raciste et antisémite? (10)1972
32%
QuestionsBleuJusticeQuelle organisation fondée en 1927 est chargée de la lutte contre le racisme et l'antisémitisme en France et à l'international?LICRA
29%
QuestionsBleuJusticeQuelle organisation continentale a commencé à appuyer le fait de combattre les propos racistes avec des sanctions, à l'échelle internationale?Union Européenne
28%
QuestionsJauneFaits racistesDe quelle république ouest-africaine, dont le Président Alpha Condé s'émut, était originaire Mamoudou Barry, assassiné à Rouen pour raison raciste?Guinée
27%
QuestionsVioletStatistiquesEn France, en 2021, combien d'agressions physiques antisémites ont-elles été recensées? (10)60
26%
QuestionsBleuJusticeQuel homme d'état français est à l'origine du Code Noir, relatif à l'administration de l'esclavage?
Jean-Baptiste Colbert
26%
QuestionsOrangeCultureQuel classique du cinéma américain d'Entre-deux-guerres est accusé de racisme de par sa considération des individus de couleur?Autant en emporte le vent
22%
QuestionsJauneFaits racistesDans quel pays des bandes dessinées Tintin, Astérix ou encore Lucky Luke ont-elles été brûlées car considérées comme raciste?Canada
22%
QuestionsVioletStatistiquesA combien estime-t-on le nombre de victimes de la Shoah en France (10 000)?76 000
20%
QuestionsBleuJusticePour la loi française, une image raciste est un ______ raciste (et pas un acte).Propos
17%
QuestionsRoseFaits antisémitesQuel moteur de recherche, sur lequel il était notamment possible d'acheter des boîtes de Zyklon B, a été attaqué en Justice par la LICRA?Yahoo!
17%
QuestionsVioletStatistiquesEn considérant que les actes antisémites sont des actes racistes, quelle serait leur proportion sur l'ensemble des actes racistes perpétrés en France (5%)?73%
16%
QuestionsVioletStatistiquesEn août 2021, quelle mesure politico-sanitaire entraîna une recrudescence des actes antisémites en France?Passe sanitaire
14%
QuestionsRoseFaits antisémitesQuelle femme juive fut assassinée par son voisin en mars 2018?Mireille Knoll
11%
QuestionsBleuJusticePourquoi ne parle-t-on pas de race scientifiquement, et de facto juridiquement?Différence génétique trop faible
10%
QuestionsRoseFaits antisémitesEn février 2022, quel homme se serait fait écraser par un tramway des suites d'une poursuite antisémite?Jérémy Cohen
6%
QuestionsJauneFaits racistesQuelle université américaine de l'Etat de Washington fut associée à des scandales de discrimination positive exacerbée?Evergreen
0%
QuestionsBleuJusticeEn 2016, quelle communauté a été ajoutée à de nombreuses lois concernant certains délits racistes et antisémites?LGBT
0%

Distribution des résultats

Percentile par nombre de réponses

% des personnes avec chaque résultat

Votre développement - résultats

Vous n’avez pas pris ce quiz